00658nam a2200181 a 450000100100000000500170001000800410002702000150006804000180008310000390010124500550014026000290019530000280022450400290025250400730028195201050035499900170045900004319220201002040717.0140221s1973 sp 000 0 spa d a8423400530 aDO-SdBNPbspa1 aSolozábal, José María97078410aCurso de Económia /cJosé María Solozábal. aBilbao :bDeusto,c1973. a727 p. :bil. ;c23 cm. aBibliografía : 719-727 aIncluye referencias bibliográficas y notas al pie de las páginas 001050718MOaGRbGRcCTd2014-02-21iLF1l0o p43192-10r2020-06-25w2020-06-25y1ZNo se presta c42681d42681